000 00838nam a2200265 i 4500
003 DO-SdBNP
005 20240415132723.0
008 240415s2000 dr 001 0 spa d
020 _a9993432105
040 _aDO-SdBNP
_bspa
_cBNPHU
_erda
049 _aBNPD
082 _bM896
100 1 _a Moscoso Puello, F. E.,
_q (Francisco Eujenio)
_d1885-1959
_958361
_eautor
245 1 0 _aCartas a Evelina /
_cF. E. Moscoso Puello
264 4 _aSanto Domingo :
_bCole,
_c©2000.
300 _a193 páginas
_c23 cm.
336 _2rdacontent
_atexto
_btxt
337 _2rdamedia
_asin mediación
_bn
338 _2rdacarrier
_avolumen
_bnc
490 1 _aClásicos dominicanos
_v1
500 _aIncluye datos biografícos del autor en la solapa de la portada.
590 _aInventariado, 2024/ YL
910 _aYLockward
942 _2ddc
_cLBS1
999 _c56409
_d56409